Loading...

Duchess of Malfi /

Bibliographic Details
Main Author: Webster, John
Format: Printed Book
Language:English
Published: Bombay: B I Pub, 1979.
LEADER 00373nam a2200109Ia 4500
008 121027s9999 xx 000 0 eng d
082 |b DUC 
100 |a Webster, John 
245 |a Duchess of Malfi / 
260 |a Bombay:  |b B I Pub,  |c 1979. 
999 |c 65416  |d 65416 
952 |0 0  |1 0  |4 0  |6 822_000000000000000_3W1_DUC  |7 0  |9 65393  |a UL  |b UL  |c ST1  |d 2012-10-27  |l 0  |o 822.3W1 DUC  |p G4287  |r 2012-10-27  |w 2012-10-27  |y BK